[Event "It (open)"]
[Site "Virginia Beach (USA)"]
[Round "3"]
[White "Reichstein Boris (USA)"]
[Black "Stokes William H (USA)"]
[Result "1-0"]
[WhiteElo "2233"]
[BlackElo "1967"]

1.c4 c5 2.Nc3 Nc6 3.Nf3 g6 4.d4 cxd4 5.Nxd4 Bg7 6.Nb3 Nf6 7.e4 d6 8.Be2 O-O
9.O-O b6 10.Be3 Bb7 11.f3 Rc8 12.Nd4 Nd7 13.Rc1 Nxd4 14.Bxd4 Bxd4+ 15.Qxd4 Qc7
16.Kh1 Qc5 17.Qd2 Kg7 18.a3 Qe5 19.b4 Qf6 20.Nd5 Bxd5 21.cxd5 Nb8 22.f4 h5
23.Qe3 Qb2 24.Bb5 a6 25.Bc6 Nxc6 26.dxc6 b5 27.Rc3 e5 28.f5 Rc7 29.h3 f6
30.fxg6 Rfc8 31.Qf3 f5 32.exf5 e4 33.f6+ {#r} 1-0

[Event "It (w)"]
[Site "Tel Aviv (Israel)"]
[Round "3"]
[White "Pitam Ela (ISR)"]
[Black "Botvinnik Irina (ISR)"]
[Result "1-0"]
[WhiteElo "2289"]
[BlackElo "2187"]

1.c4 c5 2.Nc3 Nc6 3.Nf3 Nd4 4.e3 Nxf3+ 5.Qxf3 g6 6.b3 Bg7 7.Bb2 Rb8 8.Be2 d6
9.O-O Nh6 10.Rfe1 O-O 11.h3 f5 12.Na4 e5 13.Qd5+ Nf7 14.d4 cxd4 15.exd4 b5
16.cxb5 Bb7 17.Qc4 Rc8 18.Qd3 Be4 19.Qd1 Bc2 20.Qd2 Bh6 21.Qb4 e4 22.d5 f4
23.Bg4 e3 24.fxe3 f3 25.Bxf3 Qe7 26.Qd4 Ne5 27.Bg4 Nxg4 28.Qh8+ Kf7 29.Qxh7+
Ke8 30.Qxe7+ Kxe7 31.hxg4 Bd3 32.Nc3 Bg5 33.g3 Rf3 34.Rad1 Bxe3+ 35.Rxe3+ Rxe3
36.Kf2 Rxc3 37.Bxc3 Re2+ 38.Kf3 Bxb5 39.a4 Ba6 40.Rh1 Rc2 41.Bd4 Rd2 42.Rh7+
Ke8 43.Ke4 Bf1 44.Rxa7 Re2+ 45.Be3 Rb2 46.Rb7 Bg2+ 47.Kd4 Rb1 48.a5 Rd1+
49.Kc3 Rxd5 50.Rb8+ Kd7 51.a6 Ra5 52.a7 Bc6 53.Bb6 Ra6 54.Kc4 Ke6 55.b4 Bf3
56.Bd4 Ra3 57.b5 Ra4+ 58.Kc3 Bd5 59.b6 Ra3+ 60.Kc2 Be4+ 61.Kb2 {#r} 1-0

[Event "It "]
[Site "Framingham (USA)"]
[Round "7"]
[White "Danilovic Alexandar (SRB)"]
[Black "Haessler Carl (USA)"]
[Result "1-0"]
[WhiteElo "2399"]
[BlackElo "2252"]

1.c4 c5 2.Nc3 Nc6 3.Nf3 e5 4.g3 f5 5.d3 d6 6.Bg2 h6 7.Rb1 Nf6 8.a3 g5 9.b4 Bg7
10.O-O f4 11.Nd2 h5 12.Nde4 Nxe4 13.Nxe4 Qe7 14.bxc5 dxc5 15.Rb5 h4 16.Rxc5
Bf5 17.Rb5 Rb8 18.Bd2 Qxa3 19.Nxg5 Nd4 20.Rb1 hxg3 21.fxg3 Bf8 22.e3 Qxd3
23.exd4 Qxd4+ 24.Kh1 fxg3 25.h3 Bxb1 26.Qxb1 Rg8 27.Qb5+ {#r} 1-0

[Event "Ch China (team)"]
[Site "Suzhou/Jiangsu (China)"]
[Round "6"]
[White "Chi Fengtong (CHN)"]
[Black "Wang Rui (CHN)"]
[Result "1-0"]
[WhiteElo "2308"]
[BlackElo "2498"]

1.c4 c5 2.Nc3 Nc6 3.Nf3 g6 4.e3 Nf6 5.d4 cxd4 6.exd4 d5 7.Bg5 Ne4 8.cxd5 Nxc3
9.bxc3 Qxd5 10.Qb3 Qe4+ 11.Be3 Bg7 12.Qxf7+ Kxf7 13.Ng5+ Kf8 14.Nxe4 Bf5 15.f3
Rc8 16.g4 Be6 17.Be2 Na5 18.O-O Bd5 19.Rfc1 h6 20.Nd2 Nc4 21.Nxc4 Bxc4 22.Bxc4
Rxc4 23.Rab1 b6 24.Rb4 Rxb4 25.cxb4 Kf7 26.Rc7 a5 27.bxa5 bxa5 28.Ra7 Rd8
29.Rxa5 Bxd4 30.Bxd4 Rxd4 31.Kf2 Rd2+ 32.Kg3 Rc2 33.h4 Rd2 34.a3 Rd3 35.Kf4
Rc3 36.Ke4 Rb3 37.Ra8 Rb1 38.Kf4 Rh1 39.Kg3 Rg1+ 40.Kh2 Rc1 41.Ra4 Rc3 42.Kg3
Kg7 43.Ra5 Kf7 44.h5 gxh5 45.Rxh5 Rxa3 46.Rxh6 Rb3 47.g5 Re3 48.Kg4 Re1 49.Ra6
Rb1 50.f4 Rg1+ 51.Kf5 Rb1 52.Re6 Rb5+ 53.Re5 Rb6 54.g6+ Kf8 55.Kg5 Rb1 56.Kh6
Rg1 57.Rg5 Rf1 58.Ra5 Rh1+ 59.Rh5 Rg1 60.Kh7 e6 61.f5 {#r} 1-0

[Event "Bundesliga (2nd) North 2000/01"]
[Site "Germany"]
[Round "9"]
[White "Niesel Matthias (GER)"]
[Black "Berger Steve (GER)"]
[Result "1-0"]
[WhiteElo "2253"]
[BlackElo "2348"]

1.c4 c5 2.Nc3 Nc6 3.f4 e6 4.g3 h5 5.Bg2 h4 6.d3 b6 7.Bxc6 dxc6 8.g4 h3 9.Nf3
Nh6 10.Rg1 Be7 11.g5 Nf5 12.e4 Nd4 13.Nxd4 cxd4 14.Ne2 a6 15.Qa4 Bd7 16.Bd2 c5
17.Qc2 b5 18.b3 Bc6 19.Rg3 bxc4 20.Qxc4 Bb5 21.Qc2 f5 22.gxf6 Bxf6 23.O-O-O e5
24.Kb2 Qd6 25.Rdg1 Rb8 26.Ka1 a5 27.fxe5 Bxe5 28.Rg6 Qe7 29.Bg5 Qc7 30.Re6+
Kf8 31.Rxe5 Qxe5 32.Bf4 Qe8 33.Qxc5+ {#r} 1-0

[Event "It (cat.8)"]
[Site "Durres (Albania)"]
[Round "9"]
[White "Mitkov Marjan (MKD)"]
[Black "Georgiev Vladimir (MKD)"]
[Result "0-1"]
[WhiteElo "2413"]
[BlackElo "2564"]

1.c4 c5 2.Nc3 Nc6 3.Nf3 g6 4.e3 Bg7 5.d4 d6 6.b3 Bg4 7.Be2 Qa5 8.Bd2 Nh6 9.Nb5
Qd8 10.d5 Nb8 11.Bc3 O-O 12.Bxg7 Kxg7 13.O-O Nd7 14.Qd2 a6 15.Nc3 Qa5 16.h3
Bxf3 17.Bxf3 b5 18.Be2 bxc4 19.Bxc4 Nb6 20.Rab1 Rfb8 21.Rfc1 Nxc4 22.bxc4 Ng8
23.Rb3 Nf6 24.f3 h5 25.e4 Rb4 26.Nb1 Qb6 27.Qb2 Rb8 28.Nd2 a5 29.Qc2 h4 30.Kh2
Nh5 31.Rcb1 a4 32.Rxb4 cxb4 33.Qxa4 Qf2 34.Qc2 Nf4 35.Qb2+ f6 36.Nf1 Ne2
37.Nd2 Rc8 38.Rf1 Qg3+ 39.Kh1 Nf4 40.Nb3 Rxc4 41.Qf2 Rc3 42.Nd4 Rc1 { ? } {#R}
0-1

[Event "It (open)"]
[Site "Seefeld (Austria)"]
[Round "9"]
[White "Schnitzspan Lothar (GER)"]
[Black "Sulyok Michael (AUT)"]
[Result "1-0"]
[WhiteElo "2341"]
[BlackElo "2263"]

1.c4 c5 2.Nc3 Nc6 3.Nf3 g6 4.e3 Nf6 5.d4 cxd4 6.exd4 d5 7.Bg5 Ne4 8.cxd5 Nxc3
9.bxc3 Qxd5 10.c4 Qe4+ 11.Be3 Bg4 12.Bd3 Bxf3 13.gxf3 Qh4 14.d5 Ne5 15.Qa4+
Nd7 16.Rb1 Bh6 17.Bxh6 Qxh6 18.Rxb7 Rd8 19.h4 O-O 20.Qa3 Nc5 21.Rb1 Rb8 22.Ke2
Nxd3 23.Qxd3 Rxb1 24.Qxb1 Rc8 25.Qe4 Qg7 26.Rc1 Rb8 27.Rb1 Rb2+ 28.Kf1 Rxb1+
29.Qxb1 Qd4 30.Qc2 Qc5 31.Qa4 Kg7 32.Kg2 Qd4 33.Qc2 Qc5 34.Qb2+ Kg8 35.Qb5 Qd4
36.Qe8+ Kg7 37.Qxe7 Qxc4 38.d6 Qc5 39.Qc7 Qe5 40.Qe7 Qc5 41.Qd8 {#r} 1-0

[Event "It (open)"]
[Site "Nova Gorica (Slovenia)"]
[Round "5"]
[White "Laco Giuseppe (ITA)"]
[Black "Nardin Flavij (SLO)"]
[Result "0-1"]
[WhiteElo "2165"]
[BlackElo "1774"]

1.c4 c5 2.Nc3 Nc6 3.f4 d6 4.e4 e6 5.g3 g6 6.Bg2 Bg7 7.Nge2 Nge7 8.d3 a6 9.a4
Bd7 10.O-O O-O 11.h3 f5 12.Kh2 Qc7 13.Rb1 Rad8 14.Be3 Bd4 15.Qd2 e5 16.b3 b6
17.fxe5 dxe5 18.Bh6 Rf7 19.Nd5 Nxd5 20.cxd5 Ne7 21.Rbc1 Qd6 22.Bf3 a5 23.Kg2
Bc8 24.Bg5 Qd7 25.g4 f4 26.Nxd4 cxd4 27.Rh1 Kg7 28.Bh4 h6 29.g5 h5 30.Bf2 Ba6
31.Qb2 Qd6 32.Rhd1 Bc8 33.Rc4 Qd7 34.Rh1 Kh7 35.Bxd4 exd4 36.Qxd4 Ba6 37.Rc3
Rc8 38.Bg4 f3+ 39.Kf2 Rxc3 40.Bxd7 Rc2+ 41.Ke1 Rc1+ 42.Kd2 Rxh1 43.Qf2 Rh2
44.Qxh2 f2 45.Be8 f1=Q 46.Bxf7 Qxd3+ 47.Kc1 Qf1+ 48.Kd2 Qxf7 49.Qe5 Nc8 50.Ke3
Bb7 51.Kd4 Qe7 52.Qf4 Qc5+ 53.Kd3 Nd6 54.Qe5 Ba6+ 55.Kd2 Qb4+ 56.Kc1 Qa3+
57.Kc2 Qc5+ 58.Kb2 Qf2+ 59.Ka1 Nf7 60.Qe7 Bd3 61.e5 Qe1+ {#R} 0-1

[Event "Oberliga Baden 2000/01"]
[Site "Germany"]
[Round "5"]
[White "Kick Joachim (GER)"]
[Black "Hofrichter Jens (GER)"]
[Result "0-1"]
[WhiteElo "2153"]
[BlackElo "2139"]

1.c4 c5 2.Nc3 Nc6 3.Nf3 g6 4.e3 Bg7 5.d4 d6 6.Be2 Nf6 7.d5 Nb8 8.O-O O-O 9.e4
e5 10.Rb1 a5 11.a3 Na6 12.Ne1 Ne8 13.Nd3 f5 14.b4 axb4 15.axb4 cxb4 16.Nxb4
Nc5 17.f3 fxe4 18.Nxe4 Nxe4 19.fxe4 Qb6+ 20.Kh1 Rxf1+ 21.Qxf1 Nf6 22.Bf3 Bg4
23.Qe2 Nxe4 24.Be3 Bxf3 25.Qxf3 Nc5 26.Qd1 Qc7 27.h4 Ne4 28.Qc2 Ng3+ 29.Kh2
Nf5 30.Bf2 Rc8 31.g4 Nh6 {#R} 0-1

[Event "Ch Uruguay (qual) (b)"]
[Site "Montevideo (Uruguay)"]
[Round "3"]
[White "Rodriguez Luis"]
[Black "Etchevers Ignacio (URU)"]
[Result "0-1"]
[WhiteElo "2155"]
[BlackElo "2186"]

1.c4 c5 2.Nc3 Nc6 3.e3 g6 4.d4 d6 5.d5 Nb4 6.a3 Na6 7.e4 Bg7 8.f4 Nc7 9.Nf3 e6
10.Be2 Ne7 11.O-O O-O 12.Be3 f5 13.e5 b6 14.dxe6 dxe5 15.Qe1 e4 16.Ng5 Nxe6
17.Nxe6 Bxe6 18.Rd1 Qc7 19.Nb5 Qc8 20.b4 cxb4 21.axb4 Rd8 22.Nd6 Qc7 23.c5 Nc8
24.Nb5 Qe7 25.Qf2 Rxd1 26.Rxd1 a6 27.Nd6 b5 28.Bd4 Nxd6 29.cxd6 Bxd4 30.Qxd4
Qa7 31.Qc5 Bd7 32.Qxa7 Rxa7 {#R} 0-1

[Event "It (open)"]
[Site "Bad Harzburg (Germany)"]
[Date "2001.11.03"]
[Round "6"]
[White "Mittendorf Frank (GER)"]
[Black "Ksieski Zbigniew (POL)"]
[Result "0-1"]
[WhiteElo "2184"]
[BlackElo "2420"]

1.c4 c5 2.Nc3 Nc6 3.Nf3 e5 4.d3 Nge7 5.e4 d6 6.h3 h6 7.Be3 Nd4 8.Be2 g6 9.O-O
Bg7 10.Bxd4 exd4 11.Nd5 O-O 12.Nxe7+ Qxe7 13.Nh2 b5 14.b3 Rb8 15.f4 bxc4
16.bxc4 Rb2 17.Bf3 Bd7 18.Qc1 Rfb8 19.Bd1 Qh4 20.Bb3 Re2 21.Qd1 Re3 22.Rf3 a5
23.Nf1 Rxf3 24.Qxf3 a4 25.Bd1 Rb2 26.Qg3 Qd8 27.Bg4 Bc6 28.Qe1 h5 29.Bf3 Bh6
30.g3 h4 31.f5 gxf5 32.gxh4 Bf4 33.Ng3 Qxh4 34.Nh5 Be3+ {#R} 0-1

[Event "Cup Itau (open)"]
[Site "Sao Paulo (Brazil)"]
[Round "7"]
[White "Galego Luis (POR)"]
[Black "Patriarca Luis (PAR)"]
[Result "1-0"]
[WhiteElo "2518"]
[BlackElo "2285"]

1.c4 c5 2.Nc3 Nc6 3.Nf3 g6 4.e3 Bg7 5.d4 cxd4 6.exd4 d6 7.h3 h5 8.Be3 Nh6 9.d5
Ne5 10.Nd4 Nf5 11.Nxf5 gxf5 12.Be2 h4 13.Qd2 Bd7 14.f4 Ng6 15.O-O b6 16.Rae1
Kf8 17.Bd3 Bf6 18.Ne2 Qc8 19.Kh1 Kg7 20.Bd4 Bxd4 21.Nxd4 Rh5 22.b4 a6 23.Rc1
e6 24.Qe2 Rh6 25.Qe3 Nf8 26.Rfd1 Kg8 27.Be2 Qc7 28.Qd2 Ba4 29.Re1 Bd7 30.Nf3
Rd8 31.Qd4 Bc8 32.Qf2 Ng6 33.Nd4 Nf8 34.Bd3 Bd7 35.a3 Rc8 36.Qd2 Qd8 37.Bf1
Qc7 38.Nf3 Rd8 39.Rc3 Bc8 40.Rd1 Bb7 41.Qe1 a5 42.Nxh4 axb4 43.axb4 b5 44.cxb5
Qb6 45.Rg3+ Kh7 46.dxe6 fxe6 47.Nxf5 {#r} 1-0

[Event "Ch Netherlands (open)"]
[Site "Dieren (Netherlands)"]
[Round "9"]
[White "Van Lommel Patrick (NED)"]
[Black "Van Bohemen Cees (NED)"]
[Result "1-0"]
[WhiteElo "2172"]
[BlackElo "2089"]

1.c4 c5 2.Nc3 Nc6 3.Nf3 e6 4.g3 a6 5.Bg2 Nf6 6.O-O Qc7 7.Re1 h5 8.e4 Ng4 9.d3
Bd6 10.Ne2 h4 11.Bf4 hxg3 12.hxg3 e5 13.Bg5 f6 14.Bd2 Bf8 15.Nc3 Ne7 16.Nh4 d6
17.Bf3 g5 18.Nf5 Nxf5 19.Bxg4 Qh7 20.Bh5+ Kd8 21.exf5 Qxf5 22.g4 Qh7 23.Nd5 a5
24.Qa4 {#r} 1-0

[Event "Tournament"]
[Site "St. Petersburg (Russia)"]
[Round "8"]
[White "Timofeev Andrei (RUS)"]
[Black "Shaposhnikov Evgeny (RUS)"]
[Result "0-1"]
[WhiteElo "2298"]
[BlackElo "2543"]

1.c4 c5 2.Nc3 Nc6 3.Nf3 e5 4.d3 d6 5.Nd5 Bg4 6.a3 Nf6 7.Bg5 Be7 8.Bxf6 Bxf6
9.Nxf6+ Qxf6 10.Nd2 O-O 11.Ne4 Qg6 12.g3 f5 13.Nc3 f4 14.Nd5 Rae8 15.f3 Be6
16.Nc7 fxg3 17.Rg1 gxh2 18.Rxg6 h1=Q 19.Nxe6 hxg6 20.Nxf8 Rxf8 21.Kd2 Nd4
22.Kc3 Qh4 23.b3 Qf6 24.Kd2 e4 25.fxe4 Qg5+ 26.Ke1 Qe3 {#R} 0-1

[Event "It (open)"]
[Site "Marin (Spain)"]
[Round "1"]
[White "Perez Fungueiro Manuel A (ESP)"]
[Black "Dominguez Gonzalez Avelino (ESP)"]
[Result "1-0"]
[WhiteElo "2231"]
[BlackElo "1889"]

1.c4 c5 2.Nc3 Nc6 3.Nf3 g6 4.e3 Bg7 5.d4 cxd4 6.exd4 d6 7.Be2 Bg4 8.d5 Bxc3+
9.bxc3 Na5 10.O-O Rc8 11.Qd4 Nf6 12.Qxa7 O-O 13.Rb1 Ne4 14.Qd4 Bxf3 15.gxf3
Nc5 16.Rd1 Qd7 17.Bh6 e5 18.dxe6 Nxe6 19.Qxd6 Qxd6 20.Rxd6 Rfe8 21.Rb4 Nc5
22.Rb5 Rxe2 23.Rxc5 Nc6 24.Rd7 Rce8 25.Rxb7 Ne5 26.Kg2 Nd3 27.Rcc7 Nxf2 28.Kg3
Nh1+ 29.Kh3 Nf2+ 30.Kh4 Nh1 31.h3 R2e5 32.Rb5 g5+ 33.Bxg5 Re4+ 34.fxe4 Rxe4+
35.Bf4 Rxf4+ 36.Kg5 Rf3 37.Rf5 h6+ 38.Kf6 Rd3 39.Rc8+ Kh7 40.Kxf7 Ng3 41.Rd5
Rf3+ 42.Ke6 Re3+ 43.Kf6 Rf3+ 44.Ke5 Rxc3 45.Rc7+ {#r} 1-0

[Event "Ch Bosnia & Herzegovina (team)"]
[Site "Neum (Bosnia & Herzegovina)"]
[Round "3"]
[White "Bogut Zeljko (BIH)"]
[Black "Stojanovic Dalibor (BIH)"]
[Result "1-0"]
[WhiteElo "2402"]
[BlackElo "2413"]

1.c4 c5 2.Nc3 Nc6 3.Nf3 e5 4.e3 Nf6 5.a3 d5 6.cxd5 Nxd5 7.Bb5 Nxc3 8.bxc3 Bd6
9.O-O e4 10.Qa4 exf3 11.Bxc6+ bxc6 12.Qxc6+ Bd7 13.Qxd6 fxg2 14.Re1 Qe7
15.Qxe7+ Kxe7 16.d3 Rhd8 17.e4 Bb5 18.Be3 Rac8 19.d4 cxd4 20.Bxd4 Bf1 21.Bxg7
f6 22.e5 fxe5 23.Bxe5 Kd7 24.Rab1 Kc6 25.Bd4 Re8 26.Bxa7 h5 27.Rxe8 Rxe8
28.Be3 Ra8 29.Rb6+ Kc7 30.Rb3 Kc6 31.Rb6+ Kc7 32.Rh6 Rxa3 33.Bd4 Ra1 34.f3 Rd1
35.Rxh5 Rd3 36.Rf5 Rd1 37.Rf6 Kd7 38.h4 Ke7 39.Rf4 Rd2 40.h5 Bd3 41.h6 Ke6
42.Re4+ {#r} 1-0

[Event "It (open)"]
[Site "Olomouc (Czech Republic)"]
[Round "7"]
[White "Sikora-Lerch Jan (CZE)"]
[Black "Kalivoda Jiri (CZE)"]
[Result "1-0"]
[WhiteElo "2346"]
[BlackElo "2098"]

1.c4 c5 2.Nc3 Nc6 3.Nf3 g6 4.e3 Bg7 5.d4 b6 6.d5 Ne5 7.Nd2 f5 8.f4 Nf7 9.e4
fxe4 10.Ndxe4 Nf6 11.Bd3 O-O 12.h4 d6 13.h5 Bf5 14.hxg6 Bxg6 15.Nxf6+ exf6
16.f5 Qe7+ 17.Kf1 Ne5 18.fxg6 hxg6 19.Bf4 Rae8 20.Qd2 f5 21.Re1 Qf7 22.Bxe5
dxe5 23.Ke2 e4 24.Bc2 a6 25.Kd1 b5 26.cxb5 Bxc3 27.Qxc3 Qxd5+ 28.Kc1 Qd4
29.bxa6 Rf6 30.Bb3+ Kg7 31.Qh3 c4 32.Rd1 {#r} 1-0

[Event "Bayern Landesliga South 2001/02"]
[Site "Germany"]
[Round "5"]
[White "Drexel Michael (GER)"]
[Black "Kunze Holger (GER)"]
[Result "1-0"]
[WhiteElo "2281"]
[BlackElo "2253"]

1.c4 c5 2.Nc3 Nc6 3.Nf3 Nd4 4.e3 Nxf3+ 5.Qxf3 g6 6.b3 Bg7 7.Bb2 d6 8.g4 Rb8
9.Be2 Bd7 10.Qg3 a6 11.h4 Bc6 12.f3 h5 13.g5 e6 14.Rb1 Ne7 15.Ne4 Nf5 16.Nxd6+
Kf8 17.Nxf5 exf5 18.Kf2 Rc8 19.Rhd1 Qa5 20.Qd6+ Kg8 21.Bxg7 Kxg7 22.Qf6+ Kg8
23.d4 Qc7 24.Qe5 cxd4 25.exd4 Qb6 26.Qf6 Re8 27.c5 Qa5 28.Bc4 Rh7 29.b4 Qc7
30.Qxg6+ Rg7 31.Qd6 Qxd6 32.cxd6 Rg6 33.d5 Ba4 34.Re1 Rd8 35.b5 Rgxd6 36.bxa6
bxa6 37.Re5 f4 38.Rb4 Bc2 39.Rb2 Bg6 40.Rb4 f6 41.gxf6 Rxf6 42.Ra4 Rc8 43.Rxa6
Rxa6 44.Bxa6 Rc5 45.d6 Rxe5 46.d7 Re8 47.dxe8=Q+ Bxe8 48.Bc4+ Kf8 49.Ke2 Ke7
50.Bd5 Kd6 51.Be4 Kc5 52.Kd3 Bb5+ 53.Kc3 Be8 54.Bc2 Bc6 55.Bd1 Bd5 56.a4 Bc6
57.a5 Bd5 58.Be2 Bc6 59.a6 Bd5 60.a7 Bc6 61.Bd1 Bb7 62.Kd3 Ba8 63.Ke2 Kb6
64.Bc2 Kxa7 65.Be4 Bb7 66.Bxb7 Kxb7 67.Kd3 Kc6 68.Ke4 Kd6 69.Kxf4 Ke6 70.Kg5
Ke5 71.f4+ Ke6 72.Kg6 Ke7 73.Kxh5 Kf6 74.Kh6 Kf7 75.Kg5 Kg7 76.f5 Kf7 77.f6
{#r} 1-0

[Event "Ch Finland"]
[Site "Helsinki (Finland)"]
[Round "8"]
[White "Nyback Tomi (FIN)"]
[Black "Koskinen Henri (FIN)"]
[Result "1-0"]
[WhiteElo "2458"]
[BlackElo "2270"]

1.c4 c5 2.Nc3 Nc6 3.Nf3 g6 4.e3 d6 5.d4 Bg4 6.d5 Ne5 7.Be2 Nxf3+ 8.gxf3 Bd7
9.e4 Bg7 10.Bd2 Nf6 11.f4 O-O 12.h4 a6 13.h5 e6 14.dxe6 fxe6 15.hxg6 hxg6
16.Qc2 Be8 17.O-O-O Nh5 18.f5 exf5 19.exf5 Bxc3 20.Qxc3 Qf6 21.Bxh5 gxh5
22.Rdg1+ Kh7 23.Rg5 Qxc3+ 24.Bxc3 {#r} 1-0

[Event "It (open)"]
[Site "Badalona (Spain)"]
[Round "1"]
[White "Lopez Melgar Enrique (ESP)"]
[Black "Diaz-Flores Garcia Pablo (ESP)"]
[Result "1-0"]
[WhiteElo "2205"]
[BlackElo "2098"]

1.c4 c5 2.Nc3 Nc6 3.Nf3 g6 4.d4 cxd4 5.Nxd4 Bg7 6.e3 Nxd4 7.exd4 Nf6 8.Be2 O-O
9.Bf4 d5 10.c5 Ne4 11.Rc1 Qa5 12.a3 Nxc3 13.Rxc3 Qd8 14.O-O b6 15.b4 e6 16.a4
bxc5 17.bxc5 Qh4 18.Be3 Rb8 19.g3 Qe4 20.Bd3 Bxd4 21.Bxe4 Bxc3 22.Qd3 Bg7
23.Bf3 Rb4 24.Qa3 Rc4 25.Rc1 Ba6 26.Rxc4 Bxc4 27.Qb4 Bd3 28.c6 Bf5 29.Bxa7 Be5
30.Bc5 Rb8 31.Bb6 Bh3 32.Bg2 Bxg2 33.Kxg2 d4 34.a5 f5 35.Qe7 d3 36.Qxe6+ Kf8
37.Qxe5 {#r} 1-0

[Event "It (open) "]
[Site "St. Petersburg (Russia)"]
[Round "4"]
[White "Ionov Boris (RUS)"]
[Black "Rakhmanov Aleksandr (RUS)"]
[Result "1-0"]
[WhiteElo "2220"]
[BlackElo "2113"]

1.c4 c5 2.Nc3 Nc6 3.Nf3 g6 4.e3 Bg7 5.d4 cxd4 6.exd4 d6 7.Be3 Bg4 8.Be2 Nf6
9.d5 Bxf3 10.Bxf3 Ne5 11.Be2 O-O 12.O-O Qc8 13.b3 Nfd7 14.Qd2 Nc5 15.Bh6 Bxh6
16.Qxh6 Qf5 17.Qe3 Qf6 18.b4 Na6 19.a3 Nc7 20.f4 Nd7 21.c5 dxc5 22.bxc5 b6
23.c6 Nc5 24.Qe5 Qd6 25.Rfe1 Rad8 26.Rad1 f6 27.Qxd6 exd6 28.a4 Rfe8 29.f5
gxf5 30.Nb5 Nxb5 31.Bxb5 Re5 32.Rxe5 fxe5 33.Rc1 Rc8 34.a5 Rc7 35.axb6 axb6
36.Ra1 Kf7 37.Ra8 Kf6 38.Rd8 Ke7 39.Rh8 Kf6 40.Rf8+ Kg5 41.Rd8 Kf4 42.Rxd6 Ra7
43.Rh6 Ne4 44.Rh4+ Ke3 45.Rxe4+ {#r} 1-0

[Event "It (open)"]
[Site "Curasao (Netherlands)"]
[Round "9"]
[White "Hansch Klaus-Michel (GER)"]
[Black "Neumann Han H W M (AHO)"]
[Result "0-1"]
[WhiteElo "1850"]
[BlackElo "2162"]

{ } 1.c4 { } c5 2.Nc3 Nc6 3.Nf3 g6 4.d4 cxd4 5.Nxd4 Bg7 { = } 6.Nxc6 ( 6.Nc2
d6 7.e4 Bxc3+ 8.bxc3 Nf6 9.f3 Qa5 10.Bd2 Qa4 11.Nb4 Qxd1+ 12.Rxd1 Be6 13.Nd5
Rc8 14.Be3 Nd7 15.f4 b6 { ...1/2-1/2, Kamsky Gata(2645) - Alburt Lev O(2560),
Philadelphia 1993 It (open) } ) ( 6.e3 Nf6 7.Be2 Nxd4 8.exd4 d5 9.Bf4 dxc4
10.Bxc4 O-O 11.O-O Qb6 12.Bb3 Rd8 13.d5 e6 14.Be3 Qa5 15.Bd2 Qb6 { ...1/2-1/2,
Andersson Ulf(2610) - Ljubojevic Ljubomir(2600), Torino 1982 It (cat.16) } ) (
6.Nb3 d6 7.e4 Bxc3+ 8.bxc3 Nf6 9.f3 Be6 10.Be3 Rc8 11.Be2 b6 12.g4 Nd7 13.f4
f6 14.h4 Bf7 15.g5 Qc7 { ...1/2-1/2, Murey Jacob(2509) - Huzman
Alexander(2574), Israel 2000 Ch Israel (team) } ) 6...bxc6 7.e4 Qc7 { +0,24
CAP } ( 7...d6 8.Be2 Nf6 9.O-O O-O 10.Rb1 Nd7 11.Be3 c5 12.Qd2 Re8 13.f4 Rb8
14.b3 Bb7 15.Bf3 Bc6 16.Rfd1 Qa5 17.Nd5 { ...0-1, Rahman Ziaur(2445) - Norwood
David(2545), Calcutta 1994 It (open) } ) ( 7...Rb8 8.Qc2 d6 9.Be2 Nf6 10.O-O
O-O 11.Bf4 Qa5 12.Rac1 Be6 13.b3 Nd7 14.Na4 Ne5 15.Bd2 Qc7 16.Bc3 c5 17.f4 {
...0-1, Cohn Erich(2500) - Strizhnev Piotr(2245), Reggio Emilia 1992 It (c) }
) 8.g3 { N } ( 8.Be2 Nf6 9.O-O O-O 10.Be3 Rb8 11.Qd2 d6 12.h3 Nd7 13.Rac1 Qa5
14.b3 Nc5 15.Bf3 Qb4 16.Bd4 Bxd4 17.Qxd4 a5 { ...1/2-1/2, Choma Ernani
Francisco(2153) - Hadad Damaris(2189), Sao Paulo 2000 It (open) } ) 8...Rb8
9.Qd3 Ba6 10.Bg2 Nf6 11.O-O Ng4 12.b3 O-O 13.Ba3 { ? } ( 13.Bb2 { ! } 13...Ne5
14.Qc2 Bxc4 15.bxc4 { } ) 13...d6 { ? } ( 13...Qa5 { ! } 14.Na4 Bxa1 15.Rxa1
d6 { } ) 14.Bb2 Ne5 15.Qe2 Qa5 16.Nd1 Bc8 17.Ne3 h5 18.h3 Nd7 19.Bxg7 Kxg7
20.f4 Qc5 21.Kh2 a5 22.f5 { } ( 22.Nc2 { !? } 22...Rd8 23.Qd2 Kg8 24.Qc3 { } )
22...Qe5 23.Qf3 Ba6 24.Qf4 Rb6 { } ( 24...a4 { !? } 25.fxg6 Qxf4 26.gxf4 fxg6
{ } ) 25.Qxe5+ { } ( 25.Rab1 { !? } 25...Qxf4 26.gxf4 Rfb8 27.fxg6 { } )
25...Nxe5 26.Rfd1 { } ( 26.fxg6 { !? } 26...fxg6 27.Rxf8 Kxf8 28.c5 { } )
26...a4 27.Bf1 { } ( 27.c5 { !? } 27...dxc5 28.Rdc1 c4 29.Nxc4 { } ) 27...Rfb8
28.Kg2 { } ( 28.fxg6 { !? } 28...fxg6 29.c5 dxc5 30.Bxa6 { } ) 28...axb3
29.fxg6 { } ( 29.axb3 { !? } 29...Rxb3 30.Re1 Rb2+ 31.Kh1 { } ) 29...fxg6 { }
( 29...b2 { !? } 30.Rab1 Kxg6 31.Rd2 Rb4 { } ) 30.Kf2 { } ( 30.c5 { !? }
30...Bxf1+ 31.Nxf1 dxc5 32.axb3 { } ) 30...b2 31.Rab1 Rb4 32.Rd2 Nxc4 33.Nxc4
Bxc4 34.Bxc4 Rxc4 35.Rbxb2 Rxb2 36.Rxb2 Rxe4 37.Rb7 Kf6 38.Rb6 c5 39.Rb2 Ke5
40.Rb7 Kd4 41.Rb2 Kc3 42.Rb3+ Kc4 43.Rb7 Kc3 44.a4 Rxa4 45.Rxe7 Ra2+ 46.Kf3 d5
47.Re6 d4 48.Rxg6 d3 49.Rg5 d2 50.Rd5 Ra1 51.Ke2 Re1+ { } {#R} 0-1

[Event "It (open)"]
[Site "Salzburg (Austria)"]
[Round "3"]
[White "Stephan Axel (GER)"]
[Black "Hicker Harald Dr (AUT)"]
[Result "1-0"]
[WhiteElo "2284"]
[BlackElo "2113"]

1.c4 c5 2.Nc3 Nc6 3.Nf3 g6 4.e3 Bg7 5.d4 cxd4 6.exd4 d6 7.d5 Ne5 8.Nd4 Nf6
9.Be2 O-O 10.O-O Ned7 11.Re1 Re8 12.Bf1 Nf8 13.h3 Bd7 14.Be3 a6 15.Rc1 e5
16.dxe6 fxe6 17.Qb3 Qc7 18.Red1 Kh8 19.Qb4 Rec8 20.Nf3 Ne8 21.Bb6 a5 22.Qb3
Qb8 23.Ne4 Bc6 24.Nfg5 d5 25.Nc5 Bf6 26.Ngxe6 Nxe6 27.Nxe6 dxc4 28.Qa3 Bg7
29.Bd4 Kg8 30.Bxc4 Bxd4 31.Qf8# 1-0

[Event "Oberliga Southwest 2001/02"]
[Site "Germany"]
[Round "0"]
[White "Esswein Karlheinz (GER)"]
[Black "Kuklin Valentin (GER)"]
[Result "0-1"]
[WhiteElo "2092"]
[BlackElo "2252"]

1.c4 c5 2.Nc3 Nc6 3.Nf3 Nd4 4.e3 Nxf3+ 5.Qxf3 g6 6.b3 Bg7 7.Bb2 Nh6 8.Bd3 d6
9.h3 O-O 10.O-O Rb8 11.Rab1 b6 12.Qe2 Bb7 13.Bc2 f5 14.f4 e5 15.Qe1 Re8 16.Ne2
Nf7 17.Qf2 d5 18.cxd5 Qxd5 19.Nc3 Qd6 20.Nb5 Qd7 21.a4 exf4 22.exf4 Bxb2
23.Rxb2 Ba6 24.Ra1 Nd6 25.Bd3 Ne4 26.Bxe4 Rxe4 27.Nc3 Rd4 28.Re1 Re8 29.Re5
Rxe5 30.fxe5 Qe6 31.Qe3 f4 32.Qf3 Kg7 33.Ne2 Qxe5 34.Nc3 Rd7 35.d4 Qxd4+
36.Kh2 Bb7 37.Qg4 Rf7 38.Rc2 f3 39.Qxd4+ cxd4 40.Nb5 f2 {#R} 0-1

[Event "It (open)"]
[Site "Korinthos (Greece)"]
[Round "4"]
[White "Khetsuriani Besarion (GEO)"]
[Black "Petraki Maria (GRE)"]
[Result "1-0"]
[WhiteElo "2379"]
[BlackElo "2145"]

1.c4 c5 2.Nc3 Nc6 3.Nf3 g6 4.d4 cxd4 5.Nxd4 Bg7 6.e3 d6 7.Be2 Nf6 8.O-O O-O
9.b3 d5 10.Nxc6 bxc6 11.Bb2 Ne4 12.Qc1 Nxc3 13.Bxc3 Bxc3 14.Qxc3 Ba6 15.Rfd1
Qc7 16.Rac1 Rad8 17.g3 dxc4 18.Bxc4 Bxc4 19.Qxc4 Rxd1+ 20.Rxd1 Rc8 21.Qc5 Rb8
22.Rd4 Rb5 23.Qc3 c5 24.Rd5 e6 25.Rd1 Rb8 26.h4 h5 27.Rd4 Rc8 28.Rc4 Qc6 29.e4
Rd8 30.Qc2 Qd6 31.Rxc5 Qd4 32.Kg2 Rd7 33.Qc4 Qxc4 34.Rxc4 Kg7 35.Kf3 Kf6
36.Ke3 g5 37.Ra4 Kg6 38.Ra6 Kf6 39.f3 gxh4 40.gxh4 Kg6 41.Kf4 Kf6 42.b4 Kg6
43.b5 Kf6 44.a4 Kg6 45.Ke5 Rb7 46.f4 Kg7 47.Kd6 Kg6 48.Kc6 Re7 49.a5 {#r} 1-0